UN peacekeeping in the Democratic Republic of the Congo : a study on Monusco /
Saved in:
| 主要作者: | |
|---|---|
| 格式: | Thesis 圖書 |
| 語言: | English |
| 出版: |
2016.
|
| 主題: | |
| 標簽: |
添加標簽
沒有標簽, 成為第一個標記此記錄!
|
| LEADER | 01320cam a2200313 i 4500 | ||
|---|---|---|---|
| 001 | u1044729 | ||
| 003 | SIRSI | ||
| 005 | 201609021554 | ||
| 008 | 161207s2016 my a m 000 0 eng | ||
| 040 | |a UMM |e rda | ||
| 043 | |a f-cg--- | ||
| 090 | |a U162 |b UM 2016 Mohezmr | ||
| 100 | 0 | |a Mohd El Zahrul Mohd Rifin, |e author. | |
| 245 | 1 | 0 | |a UN peacekeeping in the Democratic Republic of the Congo : |b a study on Monusco / |c Mohd El Zahrul bin Mohd Rifin. |
| 264 | 1 | |c 2016. | |
| 264 | 4 | |c 2016. | |
| 300 | |a xiv, 117 leaves, 15 unnumbered leaves : |b illustrations ; |c 30 cm. | ||
| 336 | |a unmediated |2 rdamedia | ||
| 337 | |a unmediated |2 rdamedia | ||
| 338 | |a volume |2 rdacarrier | ||
| 502 | |b M.A.Strateg.Def.Stud. |c Jabatan Pengajian Antarabangsa dan Strategik, Fakulti Sastera dan Sains Social, Universiti Malaya |d 2016. | ||
| 504 | |a Bibliography: unnumbered leaves 118-131. | ||
| 610 | 2 | 0 | |a United Nations |z Congo (Democratic Republic) |
| 610 | 2 | 0 | |a United Nations |x Peacekeeping forces. |
| 651 | 0 | |a Congo (Democratic Republic) |x History |y Civil War, 1960-1965 | |
| 710 | 2 | |a Universiti Malaya. |b Jabatan Pengajian Antarabangsa dan Strategik, |e degree granting institution. | |
| 900 | |a NSR NSM | ||
| 596 | |a 1 | ||
| 999 | |a U162 UM 2016 MOHEZMR |w LC |c 1 |i A516614739 |d 14/4/2017 |f 14/4/2017 |g 2 |l STACKS |m P01UTAMA |r Y |s Y |t TESIS |u 6/4/2017 |1 AHSS | ||
